000
00289nam a22001337a 4500
008
170216b xxu||||| |||| 00| 0 eng d
020
_a
9780815718512
041
_a
eng
080
_a
61
100
_a
4
101
_a
SHM
245
_a
MAKING HEALTH REFORM WORK
_c
DILULIO
942
_2
udc
_c
BK
999
_c
5649
_d
5649